000 01106cam a2200301 i 4500
001 53243
003 Mx-PuUPA
005 20230316152235.0
008 140415s1987 mx a gr 000 0 spa d
020 _a9683601561
040 _erda
_aMx-PuUPA
_bspa
_cMx-PuUPA
_dMx-PuUPA
041 0 _aspa
100 1 _aTorres Bodet, Jaime,
_d1902-1974
_eautor
_93864
245 1 0 _aContemporáneos /
_cJaime Torres Bodet ; prólogo de Jorge von Ziegler
264 1 _aMéxico, D.F. :
_bUniversidad Nacional Autónoma de México :
_bUniversidad de Colima,
_c©1987
300 _a103 páginas ;
_c20 cm.
336 _atexto
_2rdacontent
_btxt
337 _asin medio
_2rdamedia
_bn
338 _avolumen
_2rdacarrier
_bnc
490 0 _aLa crítica literaria en México ;
_v11
650 7 _aLiteratura española
_xHistoria y crítica
_2armarc
650 7 _aLiteratura hispanoamericana
_xHistoria y crítica
_2armarc
650 7 _aLiteratura
_xHistoria y crítica
_2armarc
700 1 _aZiegler, Jorge von,
_bprologuista
942 _2ddc
_cLI
_h860.9
_iT676
999 _c53243
_d53243